Acteurs par lettre : A - Statistiques

Statistiques générales
  • Ce quiz a été pris 101 fois
  • Le résultat moyen est 7 sur 15
Statistiques - réponses
Films / Séries Années Acteurs % Correct
Astérix aux Jeux Olympiques / Kaamelott 1974- Alexandre Astier
83%
Les Profs / Aladdin 1991- Kev Adams
82%
Un p'tit truc en plus / Pourris gâtés 1987- Artus
81%
Friends / The Morning Show 1969- Jennifer Aniston
73%
Manon des Sources / Les Sous-doués 1950- Daniel Auteuil
63%
Strip Girl / Alerte à Malibu 1967- Pamela Anderson
58%
Le Père-Noël est une ordure / Le Grand Chemin 1950-2019 Anémone
56%
La Reine Margot / L'été meurtrier 1955- Isabelle Adjani
48%
La Vérité si je mens / Stars 80 1953- Richard Anconina
45%
Armageddon / Pearl Harbor 1972- Ben Affleck
44%
Qu'est-ce qu'on a fait au bon dieu / A bras ouverts 1974- Ary Abittan
39%
Les Enfants du Paradis / Les Visiteurs du soir 1898-1992 Arletty
17%
Les Beaux Jours / Ridicule 1949- Fanny Ardant
14%
Le Professionnel / Un Prophète 1952- Jacques Audiard
11%
Les Amants de Vérone / La Dolce Vita 1932-2024 Anouk Aimée
6%
Aucun quiz correspondant
Distribution des résultats
% des personnes avec chaque résultat
Percentile par nombre de réponses
Votre historique - résultats
Vous n’avez pas pris ce quiz